000 00559nam a2200205Ia 4500
005 20250326145411.0
008 250326s9999 xx 000 0 und d
037 _aTextbook
040 _aFMSL
_beng
_cFMSL
041 _aeng
_2eng
084 _qFMSL
100 _aAdner R
_9751095
245 0 _aCollaboration and Competition in Business Ecosystems
_cAdner R; E J
260 _aUnited Kingdom
_bUnited Kingdom, Emerald
_c2013
365 _b9747.8899999999994
490 _vV 30
650 _aManagement
942 _cTB
999 _c1307450
_d1307450